00634cam a22002051 450000100060000000300080000600500170001400800380003103500190006904000260008804100080011408200190012210000470014124500540018826000750024230000290031750000300034650400410037660000110041730964BD-RjUL20211209051637.0140412s1927 uk 000 1eng  a(BD-RjUL)31051 aDLCcTxU-DadDLCbeng aeng a184bTAP 19601 aTaylor, A. E.q(Alfred Edward),d1869-194510aPlato, the man and his work /cby A.E. Taylor ... aNew York :bL. MacVeagh, The Dial press, inc.,c1927 [Reprinted 1960] a xi, 522 p., 1l.c23 cm. aPrinted in Great Britain. aBibliography at end of each chapter.00aPlato.